[Event "4NCL Hull GM 2021"]
[Site "Hull"]
[Date "2021.10.31"]
[Round "9.3"]
[White "Fodor, Tamas Jr."]
[Black "Davies, Nigel R"]
[Result "1/2-1/2"]
[WhiteElo "2524"]
[BlackElo "2475"]
[Annotator "TA"]
[PlyCount "107"]
[EventDate "2021.10.20"]
[EventType "tourn"]
[EventCountry "ENG"]
[SourceTitle "playchess.com"]
[Source "ChessBase"]
[SourceQuality "1"]

{[%evp 19,107,27,27,25,26,22,26,26,37,23,41,25,37,5,16,0,0,0,0,-9,0,-16,21,11,21,21,21,21,35,24,29,21,21,21,21,21,21,21,22,22,26,26,25,25,24,22,24,24,25,26,30,20,129,129,117,127,124,117,108,108,123,116,128,116,116,116,116,108,168,6,109,0,179,86,92,64,93,0,0,0,0,0,0,0,0,0,0,0,0,0]} 1. d4 Nf6 2. Nf3 d5 3. Bf4 c5 4. e3 cxd4 5. exd4 Nc6 6. c3 g6 7. Bd3 Bg7 8. O-O O-O 9. h3 Bf5 10. Bxf5 {10.Be2 deserves study.} gxf5 11. Ne1 {B13: Caro-Kann: Exchange Variation and Panov-Botvinnik Attack.} e6 12. Nd3 Ne7 13. Nd2 {White has an edge.} Ng6 14. Bg5 {[#]} Qc7 $146 ({Predecessor:} 14... Qd6 15. Bxf6 Bxf6 16. f4 Kh8 17. Kh2 Bg7 18. Qf3 Rg8 19. g3 f6 20. Qh5 Qd7 {1-0 (31) Spyropoulos,N (2425)-Ibarra,J (2167) Tornelo INT 2021}) 15. Bxf6 Bxf6 16. f4 Kh8 17. Qh5 Rg8 18. Kh1 Rg7 19. Rf2 Rag8 20. Rg1 Ne7 {[%cal Bg6e7,Be7c8,Bc8d6][%mdl 32]} 21. g4 Nc8 22. Rfg2 Nd6 $1 23. g5 Bd8 24. Ne5 Qe7 $1 25. g6 (25. h4 {with more complications.} Qe8 26. Nf1 Ne4 27. Ng3 Be7 28. Kh2) 25... fxg6 26. Nxg6+ Rxg6 27. Rxg6 Rxg6 28. Rxg6 {Qh6 is the strong threat.} Qf7 {[%mdl 64] [#] Pin} 29. Qh6 Qxg6 30. Qf8+ {[%mdl 64] Double Attack} Qg8 31. Qxd6 Bf6 32. Nf3 Kg7 33. Kh2 h6 34. Qc7+ Qf7 35. Qb8 a6 {[#]} (35... Qd7 $11) 36. Qc8 $1 $16 Qe7 37. Kg3 Kf7 38. Kf2 Kg7 39. Ke3 Kf7 40. Ne1 a5 41. Nd3 b6 42. Qb8 Qd8 43. Qb7+ Kg6 (43... Kg8 $16) 44. Qc6 $2 (44. Kd2 $18) 44... Kf7 (44... Qg8 $1 $11) 45. Qb7+ (45. Kf3 $16) 45... Kg6 $18 46. a4 (46. Kd2 $18 {and White stays clearly on top.}) 46... Bg7 47. Ne1 Bf8 {[#]} 48. Nf3 (48. h4 $1 $16) 48... Bd6 $11 {The position is equal.} 49. Qc6 Kf7 50. Ne5+ Bxe5 51. dxe5 Qh4 52. Qd7+ Kf8 53. Qd6+ Kf7 54. Qd7+ {Weighted Error Value: White=0.19/Black=0.10} 1/2-1/2

[Event "4NCL Hull GM 2021"]
[Site "Hull"]
[Date "2021.10.31"]
[Round "9.4"]
[White "Jackson, James P"]
[Black "Wadsworth, Matthew J"]
[Result "1/2-1/2"]
[WhiteElo "2386"]
[BlackElo "2425"]
[Annotator "ChessBase"]
[PlyCount "86"]
[EventDate "2021.10.20"]
[EventType "tourn"]
[EventCountry "ENG"]
[SourceTitle "playchess.com"]
[Source "ChessBase"]
[SourceQuality "1"]
[TimeControl "5400+30"]

1. e4 {[%emt 0:00:04]} c5 {[%emt 0:02:50]} 2. Nf3 {[%emt 0:00:06]} e6 {[%emt 0:00:04]} 3. d4 {[%emt 0:00:04]} cxd4 {[%emt 0:00:03]} 4. Nxd4 {[%emt 0:00:06]} Nc6 {[%emt 0:00:03]} 5. Nc3 {[%emt 0:00:06]} Qc7 {[%emt 0:00:05]} 6. Be3 {[%emt 0:00:06]} a6 {[%emt 0:00:04]} 7. g4 {[%emt 0:00:11]} b5 {[%emt 0:00:57]} 8. Nxc6 {[%emt 0:00:10]} Qxc6 {[%emt 0:00:21]} 9. Qd2 {[%emt 0:00:30]} Nf6 {[%emt 0:06:16]} 10. f3 {[%emt 0:05:24]} Bb7 {[%emt 0:03:08]} 11. g5 {[%emt 0:01:36]} Nh5 {[%emt 0:02:56]} 12. Ne2 {[%emt 0:03:55]} Rc8 {[%emt 0:01:43]} 13. O-O-O {[%emt 0:04:33]} Bb4 {[%emt 0:01:02]} 14. c3 {[%emt 0:01:53]} Be7 {[%emt 0:03:41]} 15. Kb1 {[%emt 0:00:38]} d5 {[%emt 0:01:44]} 16. Nd4 {[%emt 0:08:23]} Qc7 {[%emt 0:00:27]} 17. e5 {[%emt 0:04:35]} g6 {[%emt 0:04:25]} 18. f4 {[%emt 0:00:22]} Ng7 {[%emt 0:01:17]} 19. Bd3 {[%emt 0:06:27]} Bc6 {[%emt 0:02:23]} 20. h4 {[%emt 0:01:10]} Qb7 {[%emt 0:04:24]} 21. h5 {[%emt 0:08:15]} Nxh5 {[%emt 0:00:35]} 22. f5 {[%emt 0:12:43]} Bd7 {[%emt 0:00:11]} 23. f6 {[%emt 0:02:08]} Bf8 {[%emt 0:00:31]} 24. Rxh5 {[%emt 0:02:53]} gxh5 {[%emt 0:00:02]} 25. Qe2 {[%emt 0:00:19]} Qb8 {[%emt 0:02:02]} 26. Bf4 {[%emt 0:00:41]} b4 {[%emt 0:00:50]} 27. c4 {[%emt 0:07:42]} Bc5 {[%emt 0:01:12]} 28. Nb3 {[%emt 0:00:26]} dxc4 {[%emt 0:00:32]} 29. Bxc4 {[%emt 0:00:05]} Bb5 {[%emt 0:01:46]} 30. Bxb5+ {[%emt 0:02:16]} axb5 {[%emt 0:00:02]} 31. Rc1 {[%emt 0:03:56]} Ba7 {[%emt 0:00:40]} 32. Rxc8+ {[%emt 0:00:27]} Qxc8 {[%emt 0:00:01]} 33. Qxb5+ {[%emt 0:00:10]} Qd7 {[%emt 0:00:06]} 34. Qxb4 {[%emt 0:00:05]} h4 {[%emt 0:01:42]} 35. Nd2 {[%emt 0:07:41]} h3 {[%emt 0:01:08]} 36. Qa3 {[%emt 0:02:55]} h2 {[%emt 0:01:05]} 37. Bxh2 {[%emt 0:06:15]} h6 {[%emt 0:00:13]} 38. Bf4 {[%emt 0:04:19]} hxg5 {[%emt 0:00:43]} 39. Ne4 {[%emt 0:00:16]} Bb8 {[%emt 0:06:16]} 40. Bc1 {[%emt 0:00:58]} Bxe5 {[%emt 0:00:58]} 41. Qa8+ {[%emt 0:02:21]} Qd8 {[%emt 0:00:05]} 42. Qc6+ {[%emt 0:00:05]} Qd7 {[%emt 0:00:07]} 43. Qa8+ {[%emt 0:00:05]} Qd8 {[%emt 0:00:05]} 1/2-1/2